| 000 | 01330nam a2200385 c 4500 | ||
|---|---|---|---|
| 999 |
_c196788 _d196788 |
||
| 003 | BLK | ||
| 005 | 20250801110021.0 | ||
| 008 | 180411b bul|||||r ||||||| ||bul|| | ||
| 010 | _aKNG00206061000 | ||
| 020 | _a978-619-186-325-9 | ||
| 020 | _a978-619-186-327-3 | ||
| 040 | _aBLK | ||
| 041 |
_aBUL _cBUL |
||
| 072 | 7 |
_2bullib _aН84 _xБългарска художествена литература Н |
|
| 080 |
_aБългарска литература _b821.163.2 _x-31 _z821.163.2-31 |
||
| 100 | 1 |
_aРусков, Милен Костов _eпърви автор _9372388 |
|
| 139 |
_aРусков, Милен Костов _bР 95 |
||
| 245 | 1 | 0 |
_aЧамкория _bРоман : Т. 1 - _cМилен Костов Русков. _nТ. 2 |
| 257 | _aBGR | ||
| 260 |
_c2017 - _9209682 _aПловдив _bЖанет 45 |
||
| 300 | _c21 см | ||
| 380 | _aX | ||
| 500 | _aСъдържа и за авт. | ||
| 653 | _aромани | ||
| 659 | _aН | ||
| 760 | 1 |
_aРусков, Милен Костов _dЖанет 45, 2017 _h232 с. _tТ. 2 |
|
| 852 | _aЦб 285425 | ||
| 856 | 4 | _qpdf | |
| 856 | 4 | _qpdf | |
| 942 |
_cKNG _n0 _089 |
||
| 944 |
_aCR _c12.05.2017 _lРусанова Ирена _k30542 |
||
| 944 |
_aED _c28.11.2017 _lф / _kЛюдмила_Стоянова |
||
| 999 | _d196788 | ||
| 999 | _d196788 | ||